Vista normal
Vista MARC
Entrada Personal Name
Número de registros utilizados en: 1
001 - CONTROL NUMBER
- control field: 332
003 - CONTROL NUMBER IDENTIFIER
- control field: OSt
005 - DATE AND TIME OF LATEST TRANSACTION
- control field: 20110728115259.0
008 - FIXED-LENGTH DATA ELEMENTS
- fixed length control field: 110728|||a|||||| | ||| d
040 ## - CATALOGING SOURCE
- Original cataloging agency: OSt
- Transcribing agency: OSt
100 ## - HEADING--PERSONAL NAME
- Personal name: Gavrin, Jonathan R.
- Relator term: Editor
670 ## - SOURCE DATA FOUND
- Source citation: Work cat.: (OSt)211: Gavrin, Jonathan R. Editor, Clínicas Anestesiológicas de Norteamérica : 1, vol. 24 Cuidados Paliativos., 2006